• 首页
  • 本馆介绍
  • 公告通知
  • 最新文献
  • 馆藏检索
  • 电子资源
  • 读者导购
  • 参考咨询
  • 我的图书馆
  • 登录
  • 详细信息显示
  • 放入我的书架
  • 预约/预借图书
  • 作者相关作品
  • 分类相关作品
  • 丛书相关作品
  • 出版社相关作品

书目信息

  • 表格格式
  • 工作单格式
  • 卡片格式
书名: Word perfect
作者: John O.E. Clark
分册号:
分册名:
出版地: London :
 
出版社: Harrap's Reference
出版时间: 1987
页数: vi, 490 p. ;
开本: 21 cm.
丛书名:
中图分类号:
科图分类号:
其他分类号: H313-61
主题词:
电子资源:
000 00919nam 2200289 a 4500
001 E0738835057
005 20070302104910.78
008 000 0 eng
008 uu
008 uu
010    @a92226798
020    @a024554562X.
040    @aDLC @cDLC
049    @aN5LA
050 00 @aPE1460 @b.C485 1987
082 00 @a428/.003 @220
090    @a2G-89/H316/W922//////842797/*984959/ cop.2/*984962/ cop.3
090    @aH313-61
096    @aH316 @v2
099    @dH313-61@ex46
245 00 @aWord perfect / @cJohn O.E. Clark
260    @aLondon :@bHarrap's Reference,@c1987@g(1988 printing).
300    @avi, 490 p. ;@c21 cm.
650  0 @aEnglish language @xUsage @xDictionaries.
700 1  @aClark, John Owen Edward. @b00 @c20020930 @lNLC09 @h2251 @b00 @c20021018 @lNLC09 @h1640 @lNLC09 @h0002 @lNLC09 @h1954
852 9  @bWWJC @cJ09 @k2G-89 @hH316 @iW922
852 9  @bGJSS @k2G-89 @hH316 @iW922
    
    Word perfect / / John O.E. Clark.-London : : Harrap's Reference, , 1987f ((1988 printing).).
    vi, 490 p. ; ; 21 cm.
    
    
    ISBN 024554562X.
    
●
相关链接 在E读中查询图书 在五车中查询图书 在当当中查询图书 在豆瓣中查询图书


正题名:Word perfect     索取号:H313-61/x46         预约/预借

序号 登录号 条形码 馆藏地/架位号 状态 备注
1 184113   001301095   第四借阅区/ [索取号:H313-61/x46] 在馆    
2 184114   001301139   第二样本阅览室/ [索取号:H313-61/x46] 在馆    
唐山师范学院图书馆 欢迎您!
大连网信软件有限公司© 版权所有